00676nam a2200217Ia 4500003000400000005001700004008004100021020001400062040000700076041000800083082001600091100004000107245004000147260003700187300001400224365001300238906004300251942001200294999001900306952013300325OSt20230506113928.0210423s2003 xx 000 0 und d a748407537 cAL aeng a613.28 SANT aSANDERS (Tom);EMERY (Peter).999307 aMolecular basis of human nutrition. aNew YorkbTaylor & Francisc2003 ax,165bPB b495cINR abasis ; human ; Molecular ; nutrition. 2ddccBK c163433d163433 001040708BTaSACPGbSACPGd2007-08-09eSita Book Houseg495.00l0o613.28 SANTpPG009929r2022-08-24 00:00:00w2021-04-26yBK